Statistics for Top 25 Chicago Bulls of All Time

Click here to take the quiz!

General Stats

  • This quiz has been taken 276 times
    (267 since last reset)
  • The average score is 13 of 25

Answer Stats

Hint Answer % Correct
1Michael Jordan
100%
2Scottie Pippen
99%
4Derrick Rose
93%
3Dennis Rodman
93%
11Joakim Noah
76%
5Jimmy Butler
71%
10Steve Kerr
71%
6Horace Grant
63%
8Toni Kuko─Ź
57%
13Luol Deng
50%
7Artis Gilmore
50%
22Ron Harper
48%
12Bob Love
43%
18B.J Armstrong
41%
23Bill Cartwright
37%
9Jerry Sloan
35%
14John Paxson
34%
20Kirk Hinrich
34%
25Taj Gibson
31%
24Ben Gordon
30%
19Pau Gasol
28%
21Charles Oakley
25%
15Norm Van Lier
20%
16Reggie Theus
17%
17Chet Walker
14%

Score Distribution

Percentile by Number Answered

Percent of People with Each Score

Your Score History

You have not taken this quiz since the last reset